| 000 | 01177nam a2200265Ia 4500 | ||
|---|---|---|---|
| 003 | GCL | ||
| 005 | 20240530102135.0 | ||
| 008 | 140319s9999 xx 000 0 ara d | ||
| 040 |
_aGCL / _cGCL |
||
| 082 | 0 | 4 |
_a227/ _bف م |
| 100 | 1 | _aالفراء، ابو زكريا يحيى بن زياد بن عبدالله بن منظور الديلمى | |
| 245 | 1 | 0 |
_aمعانى القرأن / _c ابى زكريا يحيى بن زياد الفراء ؛ اعداد ودراسة ابراهيم الدسوقى عبدالعزيز ؛ اشراف ومراجعة عبدالصبور شاهين |
| 260 |
_a[S.N] : _bمركز الاهرام للترجمة والنشر ، _c1989 |
||
| 300 | _a354 ص | ||
| 490 |
_aتقريب التراث _v0 |
||
| 650 | 0 | 4 | _aالقران - تفسير |
| 650 | 0 | 4 | _aتفسير القران الكريم |
| 650 | 0 | 4 | _aالقران - معانى |
| 650 | 0 | 4 | _aالقران، القراءات والتجويد |
| 650 | 0 | 4 | _aالقران - سور وايات |
| 650 | 0 | 4 | _aالقران - تفاسير |
| 700 | 1 |
_aعبدالصبور شاهين _eمشرف ومراجع |
|
| 700 | 0 |
_aابراهيم دسوقى عبدالعزيز _eمعد |
|
| 942 |
_2ddc _cBK |
||
| 999 |
_c30070 _d30070 |
||